Principles of topology (Record no. 755006)

MARC details
000 -LEADER
fixed length control field 00382nam a22001577a 4500
020 ## - INTERNATIONAL STANDARD BOOK NUMBER
ISBN 9780486801544
100 ## - MAIN ENTRY--AUTHOR NAME
Personal name Croom, Fred H
245 ## - TITLE STATEMENT
Title Principles of topology
260 ## - PUBLICATION, DISTRIBUTION, ETC. (IMPRINT)
Place of publication USA
Name of publisher Dover
Year of publication 2016
300 ## - PHYSICAL DESCRIPTION
Number of Pages xi+312
650 ## - SUBJECT ADDED ENTRY--TOPICAL TERM
Topical Term Metric spaces
650 ## - SUBJECT ADDED ENTRY--TOPICAL TERM
Topical Term Connectedness
650 ## - SUBJECT ADDED ENTRY--TOPICAL TERM
Topical Term Metrizable space
942 ## - ADDED ENTRY ELEMENTS (KOHA)
Source of classification or shelving scheme Dewey Decimal Classification
Koha item type Book
Holdings
Withdrawn status Lost status Source of classification or shelving scheme Damaged status Not for loan Collection code Home Library Current Location Shelving location Date acquired Source of acquisition Cost, normal purchase price Full call number Accession Number Price effective from Koha item type
    Dewey Decimal Classification     Gift or donation Dept. of Mathematics Dept. of Mathematics General Stacks 08/01/2026 Donated by Dr. Krishna Kumar G on the completion of SERB sponsored project (UO. No: Ad.F1/1373/2021 dated 22/01/2024) 2332.20 514 CRO-P MATG243 13/01/2026 Book